|
|
|
|
| LEADER |
01965nam a2200445 i 4500 |
| 001 |
EBC2044384 |
| 003 |
MiAaPQ |
| 005 |
20200520144314.0 |
| 006 |
m o d | |
| 007 |
cr cnu|||||||| |
| 008 |
150522t20152015ne a ob 000 0 eng d |
| 020 |
|
|
|z 9789089648419
|
| 020 |
|
|
|a 9789048526956
|q (electronic bk.)
|
| 035 |
|
|
|a (MiAaPQ)EBC2044384
|
| 035 |
|
|
|a (Au-PeEL)EBL2044384
|
| 035 |
|
|
|a (CaPaEBR)ebr11053083
|
| 035 |
|
|
|a (CaONFJC)MIL801060
|
| 035 |
|
|
|a (OCoLC)912318676
|
| 040 |
|
|
|a MiAaPQ
|b eng
|e rda
|e pn
|c MiAaPQ
|d MiAaPQ
|
| 043 |
|
|
|a a-tu---
|
| 050 |
|
4 |
|a JV8745
|b .I584 2015
|
| 082 |
0 |
|
|a 304.843056108991597
|2 23
|
| 245 |
0 |
4 |
|a The integration of descendants of migrants from Turkey in Stockholm :
|b the TIES study in Sweden /
|c edited by Charles Westin.
|
| 264 |
|
1 |
|a Amsterdam, [Netherlands] :
|b Amsterdam University Press,
|c 2015.
|
| 264 |
|
4 |
|c 2015
|
| 300 |
|
|
|a 1 online resource (141 pages) :
|b illustrations, tables, graphs.
|
| 336 |
|
|
|a text
|2 rdacontent
|
| 337 |
|
|
|a computer
|2 rdamedia
|
| 338 |
|
|
|a online resource
|2 rdacarrier
|
| 490 |
1 |
|
|a IMISCOE Research
|
| 504 |
|
|
|a Includes bibliographical references at the end of each chapters.
|
| 588 |
|
|
|a Description based on online resource; title from PDF title page (ebrary, viewed May 22, 2015).
|
| 590 |
|
|
|a Electronic reproduction. Ann Arbor, MI : ProQuest, 2016. Available via World Wide Web. Access may be limited to ProQuest affiliated libraries.
|
| 651 |
|
0 |
|a Turkey
|x Emigration and immigration.
|
| 655 |
|
4 |
|a Electronic books.
|
| 700 |
1 |
|
|a Westin, Charles,
|e editor.
|
| 776 |
0 |
8 |
|i Print version:
|t Integration of descendants of migrants from Turkey in Stockholm : the TIES study in Sweden.
|d Amsterdam, [Netherlands] : Amsterdam University Press, c2015
|h 133 pages
|k IMISCOE research.
|z 9789089648419
|
| 797 |
2 |
|
|a ProQuest (Firm)
|
| 830 |
|
0 |
|a IMISCOE research.
|
| 856 |
4 |
0 |
|u https://ebookcentral.proquest.com/lib/matrademy/detail.action?docID=2044384
|z Click to View
|